SC Freiburg Rekordspieler - Statistiken

Allgemein
  • Dieses Quiz wurde 48 mal gespielt
  • Das Durchschnittsergebnis liegt bei 4 aus 10
Antwortstatistiken
Spiele Nationalität Spieler % Korrekt
391 Deutschland Christian Günter
88%
263 Italien Vincenzo Grifo
88%
277 Deutschland Nils Petersen
67%
336 Deutschland Nicolas Höfler
62%
263 Deutschland Joachim Löw
43%
281 Georgien Alexander Iashvili
36%
441 Deutschland Andreas Zeyer
29%
307 Deutschland Reinhard Binder
2%
295 Deutschland Rolf Maier
2%
297 Deutschland Karl-Heinz Schulz
0%
Keine übereinstimmenden Quizze gefunden
Verteilung der Resultate
Anzahl Personen mit jedem Resultat
Perzentil nach korrekt beantworteten Fragen
Ihre Resultats-Entwicklung
Sie haben dieses Quiz noch nicht gespielt